000 00581cam a22002053a 4500
001 45966
003 PGUSA
005 20140828084055.0
008 140614s2014||||xxu|||||s|||||000 | eng d
040 _aPGUSA
_beng
042 _adc
100 1 _aHerculano, Alexandre,
_d1810-1877
245 1 0 _aEurico o presbytero
_h[electronic resource] /
_cAlexandre Herculano
260 _bProject Gutenberg,
_c2014
506 _aPublic domain in the USA.
516 _aElectronic text
830 0 _aProject Gutenberg
_v45966
856 4 0 _uhttp://www.gutenberg.org/ebooks/45966
942 _cEB
999 _c275215
_d275215